书目信息 |
| 题名: |
企业数字化转型与工业4.0渐进之路
|
|
| 作者: | 胡耀光 著 | |
| 分册: | ||
| 出版信息: | 北京 电子工业出版社 2021.4 |
|
| 页数: | 15,208页 | |
| 开本: | 24cm | |
| 丛书名: | 智能工业丛书 | |
| 单 册: | ||
| 中图分类: | TN6 | |
| 科图分类: | ||
| 主题词: | 自动化技术--应用--电子元器件 | |
| 电子资源: | ||
| ISBN: | 978-7-121-36375-7 | |
| 000 | 01573nam0 2200289 45 | |
| 001 | 012001002526 | |
| 005 | 20140914133206.0 | |
| 010 | @a978-7-121-36375-7@dCNY68.00 | |
| 100 | @a20200604d2019 em y0chiy50 ea | |
| 101 | 0 | @achi |
| 102 | @aCN@b110000 | |
| 105 | @aa z 000yy | |
| 106 | @ar | |
| 200 | 1 | @a企业数字化转型与工业4.0渐进之路@Aqi ye shu zi hua zhuan xing yu gong ye 4.0 jian jin zhi lu@b专著@e电子元器件行业视角@dThe roadmap: digital transformation and industry 4.0@eunder perspective of electronic components industry@f胡耀光著@zeng |
| 210 | @a北京@c电子工业出版社@d2021.4 | |
| 215 | @a15,208页@c图@d24cm | |
| 225 | 1 | @a智能工业丛书 |
| 300 | @a国之重器出版工程 制造强国建设 | |
| 300 | @a并列题名:Roadmap: digital transformation and industry 4.0 | |
| 330 | @a本书从互联网时代的工业变革出发,立足于电子元器件行业在智能制造背景下的发展需求,探究在工业强基领域实现企业数字化转型与工业4.0渐进发展的可行之路。针对建立优质的客户体验、基于数字化转型实现生产过程可视化、面向客户的产品质量追溯等问题,以电子元器件行业视角探讨企业数字化转型的起步、进阶、提升与拓展的渐进发展之路,并结合实际企业的信息化建设与数字化转型历程,详细阐述信息化、数字化乃至智能化的相关技术在电子元器件企业全生命周期运营过程中的具体应用。 | |
| 461 | 0 | @12001 @a智能工业丛书 |
| 510 | 1 | @aRoadmap: digital transformation and industry 4.0@eunder perspective of electronic components industry@zeng |
| 606 | 0 | @a自动化技术@x应用@x电子元器件 |
| 690 | @aTN6@v5 | |
| 701 | 0 | @a胡耀光@Ahu yao guang@f(1974~)@4著 |
| 801 | 2 | @aCN@bBJSDL@c20211018 |
| 905 | @b1344228-31@dTN6@e103@f4 | |
| 企业数字化转型与工业4.0渐进之路:电子元器件行业视角=The roadmap: digital transformation and industry 4.0:under perspective of electronic components industry/胡耀光著.-北京:电子工业出版社,2021.4 |
| 15,208页:图;24cm.-(智能工业丛书) |
| 国之重器出版工程 制造强国建设.-并列题名:Roadmap: digital transformation and industry 4.0 |
| ISBN 978-7-121-36375-7:CNY68.00 |
| 本书从互联网时代的工业变革出发,立足于电子元器件行业在智能制造背景下的发展需求,探究在工业强基领域实现企业数字化转型与工业4.0渐进发展的可行之路。针对建立优质的客户体验、基于数字化转型实现生产过程可视化、面向客户的产品质量追溯等问题,以电子元器件行业视角探讨企业数字化转型的起步、进阶、提升与拓展的渐进发展之路,并结合实际企业的信息化建设与数字化转型历程,详细阐述信息化、数字化乃至智能化的相关技术在电子元器件企业全生命周期运营过程中的具体应用。 |
| ● |
| 相关链接 |
|
|
|
|
正题名:企业数字化转型与工业4.0渐进之路
索取号:TN6/103
 
预约/预借
| 序号 | 登录号 | 条形码 | 馆藏地/架位号 | 状态 | 备注 |
| 1 | 1344228 | 213442283 | 第二样本阅览室/ [索取号:TN6/103] | 在馆 | |
| 2 | 1344229 | 213442292 | 第三借阅区/ [索取号:TN6/103] | 在馆 | |
| 3 | 1344230 | 213442309 | 第三借阅区/ [索取号:TN6/103] | 在馆 | |
| 4 | 1344231 | 213442318 | 第三借阅区/ [索取号:TN6/103] | 在馆 |